[Vplyv finančných trhov na finančné riadenie podnikov pôsobiacich v SR a ČR v kontexte súčasných globálnych procesov]
Recenzia na vedeckú monografiu v ktorej sú skoncentrované poznatky, informácie a výsledky nadobudnuté v primárnom a sekundárnom výskume v oblasti vývoja a vplyvu finančných trhov na finančné riadenie v podnikoch pôsobiacich v Slovenskej a Českej republike.
Salvato in:
| Autore principale: | |
|---|---|
| Natura: | Capitolo di libro |
| Lingua: | slovacco |
| Soggetti: | |
| Tags: |
Nessun Tag, puoi essere il primo ad aggiungerne!!
|
MARC
| LEADER | 00000naa a2200000 4500 | ||
|---|---|---|---|
| 001 | 0152618 | ||
| 005 | 20240502072721.9 | ||
| 041 | 0 | |a slo | |
| 044 | |a SK | ||
| 245 | 1 | 0 | |a [Vplyv finančných trhov na finančné riadenie podnikov pôsobiacich v SR a ČR v kontexte súčasných globálnych procesov] |c Ľubomíra Gertler |
| 520 | |a Recenzia na vedeckú monografiu v ktorej sú skoncentrované poznatky, informácie a výsledky nadobudnuté v primárnom a sekundárnom výskume v oblasti vývoja a vplyvu finančných trhov na finančné riadenie v podnikoch pôsobiacich v Slovenskej a Českej republike. | ||
| 610 | 2 | 0 | |a recenzie |
| 610 | 2 | 0 | |a riadenie podnikové |
| 610 | 2 | 0 | |a Slovensko |
| 610 | 2 | 0 | |a Česko |
| 610 | 2 | 0 | |a trh finančný |
| 100 | 1 | |a Gertler, Ľubomíra, 1977- | |